Karmine Corp All players (2020- ...) - Statistiques

Statistiques générales
  • Ce quiz a été pris 376 fois
    230 depuis la dernière actualisation
  • Le résultat moyen est 53 sur 104
Statistiques - réponses
Saisons Name % Correct
2020- Kameto
97%
2020- Prime
94%
2020-2024 Saken
93%
2023- | 2024-2025 Caliste
92%
2020-2021/2023- Targamas
91%
2021-2024 Cabochard
90%
2024- Canna
87%
2024- | 2024-2024 Vladi
85%
2020-2021 Adam
82%
2025- Yike
81%
2024-2024 Bo
80%
2023- Arthur Perticoz
79%
2022- Vatira
79%
2020-2021/2023-2023 Cinkrof
76%
2024- Maynter
76%
2020-2021 xMatty
74%
2021-2022 Rekkles
73%
2024-2024 Upset
73%
2025 3XA
72%
2020-2020 nuc
72%
2021-2023 Itachi
71%
2023- Atow
70%
2021-2022 | 2024-2025 113
69%
2021- Double
67%
2025- Piero
67%
2024- Dralii
66%
2025- Yukino
65%
2025 Boukada
64%
2023 Mel
64%
2025- Tao
64%
2025- SlowQ
63%
2020-2023 Bren
61%
2022-2023 Exotiik
59%
2024-2025 Fleshy
59%
03/2025 Isma
59%
2024- Marteen
59%
2025- Hazel
58%
2023-2023 Skeanz
57%
2021- Canbizz
56%
2024-2024 Closer
56%
2024- Glance
56%
2021-2022 Hantera
56%
2023-2023 Kaori
54%
2022-2024 Shin
54%
2024-2024 Lyncas
53%
2023 ScreaM
53%
2023-2023 Whiteinn
53%
2023-2024 Rise
51%
2020-2020 Akabane
50%
2022-2023/2024- Otaaaq
50%
2021-2023 (sub) Wao
50%
2023-2024 Nelo
49%
2025- Suygetsu
49%
2025- MathisV
47%
2025- Avez
45%
2022-2023 Newzera
45%
2024-2025 Abbedagge
44%
2024 N4rrate
44%
2023 Nivera
44%
2025- Nsurr
44%
2025- Saadhak
44%
2023 XMS
44%
2024 Magnum
42%
2025- Elite
41%
2024- Malibuca
39%
2023-2024 Matriix
39%
2022 Takas
39%
2022-2022 Noly
37%
2021-2022 Aztral
36%
2025- Safiaa
35%
2020-2022 Darker
33%
2024 Tomaszy
33%
2025- Yohpa
32%
2025- Baashh
31%
2025- Jiex
31%
2023-2023 Kurama
31%
2024 Merstach
31%
2024- Kilzyou
30%
2021-2022 Stake
30%
2020-2020 Helaz
29%
2022 Mikee
27%
2025- Sevire
27%
2023 Ze1sh
27%
2023 Ninou
25%
2025- Alkyia
24%
2025- Anesilia
24%
2025- Ease
24%
2025- Soren
23%
2022 Amilwa
22%
2024-2024 JCDR
21%
2023 LiriLia
21%
2024 SwizzY
21%
2024 Wet Jungler
21%
2020-2020 Jujutw0
20%
2025- F4ngeer
19%
2024 Roxi
19%
2024 Veno
18%
2024 Anas
16%
2024 Speedowka
16%
2024 Kuripuuya
14%
2024 DarkHydra
9%
Aucun quiz correspondant
Distribution des résultats
% des personnes avec chaque résultat
Percentile par nombre de réponses
Votre historique - résultats
Vous n’avez pas pris ce quiz depuis la dernière actualisation